000 00636nam a22001817a 4500
010 _aENG-119586
020 _c400.00
_a9788188965878
035 _aEN-103118
037 _bDBAD/PUB
082 _aS
100 _aChughtai, Ismat
245 _aA chughtai quartet :
_bthe heart breaks free the wild one obsession wild pigeons /
_cby Ismat Chughtai ; translated by Tabira Naqvi
260 _aNew Delhi
_bWomen Unlimited (an associate of kali for women)
_c2014
270 _a7/10 First Floor, Sarvapriya Vihar
_bNew Delhi
_e110016
300 _axi,331p.
_c22cm(pbk)
700 _atranslated by Tabira Naqvi
942 _2ddc
_cEN
_hS
_mCHU
999 _c143355
_d143355